000 00554nam a22001697a 4500
005 20250824203011.0
008 250824b |||||||| |||| 00| 0 eng d
020 _a9781544528724
041 _aeng
082 _a006.3 GAN
100 _a Ganesan, Kavita
245 _aThe Business Case for AI: A Leader's Guide to AI Strategies, Best Practices & Real-World Applications
260 _aNew Delhi
_bOpinosis Analytics Publishing
_c2022
300 _a298;. p. 22 cm
650 _aArtificial Intelligence, Artificial Intelligence Strategies
942 _cBK
999 _c46476
_d46476